Country facts multiple choice - Statistics

General Stats
  • This quiz has been taken 19 times
  • The average score is 8 of 15
Answer Stats
Question Answer % Correct
Which country has 3 capital cities? South Africa
82%
What's the smallest country? Vatican City
82%
Has a red dragon on its flag Wales
82%
Which country has a gun on their flag? Mozambique
76%
Easter island belongs to what country Chile
65%
Which country is not a part of BRICS Cuba
59%
Has the most purple on its flag Dominica
59%
Own territory on Hispaniola Haiti
53%
Which country is know as the hermit kingdom North Korea
47%
Which country has the most Muslims living in it? Indonesia
41%
Has the most pyramids Sudan
41%
Which country owns land on the island of borneo Brunei
35%
Most obese Nauru
35%
Most islands Sweden
35%
Most densely populated Monaco
24%
No matching quizzes found
Score Distribution
Percent of People with Each Score
Percentile by Number Answered
Your Score History
You have not taken this quiz